Một vài vấn đề trong công tác thương nghiệp và giá cả
Sách trình bày một số vấn đề trong công tác thương nghiệp và giá cá của nước ta trong thời kỳ bao cấp. Các chính sách của Nhà nước về thương nghiệp,...
שמור ב:
| מחבר ראשי: | |
|---|---|
| פורמט: | ספר |
| שפה: | Undetermined |
| יצא לאור: |
Hà Nội
Sự thật
1977
|
| נושאים: | |
| תגים: |
הוספת תג
אין תגיות, היה/י הראשונ/ה לתייג את הרשומה!
|
| Thư viện lưu trữ: | Trung tâm Học liệu Trường Đại học Cần Thơ |
|---|
| LEADER | 00786nam a2200193Ia 4500 | ||
|---|---|---|---|
| 001 | CTU_4734 | ||
| 008 | 210402s9999 xx 000 0 und d | ||
| 082 | |a 335.412 | ||
| 082 | |b D502 | ||
| 100 | |a Lê Duẩn | ||
| 245 | 0 | |a Một vài vấn đề trong công tác thương nghiệp và giá cả | |
| 245 | 0 | |c Lê Duẩn | |
| 260 | |a Hà Nội | ||
| 260 | |b Sự thật | ||
| 260 | |c 1977 | ||
| 520 | |a Sách trình bày một số vấn đề trong công tác thương nghiệp và giá cá của nước ta trong thời kỳ bao cấp. Các chính sách của Nhà nước về thương nghiệp,... | ||
| 650 | |a Communism,Socialism | ||
| 904 | |i Năm | ||
| 980 | |a Trung tâm Học liệu Trường Đại học Cần Thơ | ||